000 00944nam a2200361Ia 4500
001 4315
005 20240113233728.0
007 ta
008 050610s1997 g b000 u asm u
020 _cRs. 75.00 (HB)
040 _aCotton College,Assam
041 _aasm
082 _a891.2209
_bSh 11 Ma
100 _aSarmah, Thaneswar .
245 0 _aMahakavi Kalidasar Abhijnanasakuntalm: Ek Samiksa /
_cThaneswar Sarmah.
_hTextual Documents
250 _a3rd ed. /
260 _aGuwahati :
_bChandra Prakash ,
_c1997.
300 _a242p. ;
_c22cm.
365 _aRs. 75.00
504 _aBib.
653 _aAssamese Drama-Criticism
653 _aSanskrit Drama-Criticism
653 _aMS-Assamese
653 _aPG-Assamese
942 _2ddc
_cBK
999 _c4302
_d4302